Statistická ročenka České republiky 2006

Salvato in:
Dettagli Bibliografici
Ente Autore: Český statistický úřad
Natura: Libro
Lingua:ceco
Pubblicazione: Praha Scientia 2006
Soggetti:
Tags: Aggiungi Tag
Nessun Tag, puoi essere il primo ad aggiungerne!!

MARC

LEADER 00000nam$a2200000$$$4500
001 0052390
005 20260129103534.5
020 |a 80-250-1258-1 
041 0 |a cze 
044 |a CZ 
245 1 0 |a Statistická ročenka České republiky 2006 
264 1 |a Praha  |b Scientia  |c 2006 
300 |a 799 s. 
610 2 0 |a Česko 
710 2 |a Český statistický úřad